KOHA-Header-6

The 8051 Microcontroller (Record no. 9825)

000 -LEADER
fixed length control field 00259nam a2200109Ia 4500
100 ## - MAIN ENTRY--AUTHOR NAME
Personal name Mackenzie , Phan
245 #4 - TITLE STATEMENT
Title The 8051 Microcontroller
260 ## - PUBLICATION, DISTRIBUTION, ETC. (IMPRINT)
Place of publication Canada
Name of publisher Pearson
Year of publication 2006
300 ## - PHYSICAL DESCRIPTION
Number of Pages 700
942 ## - ADDED ENTRY ELEMENTS (KOHA)
Koha item type Books
Holdings
Withdrawn status Lost status Collection code Permanent Location Current Location Shelving location Date acquired Full call number Accession Number Koha item type
    Computer Science MAJU MAJU Shelf No.A19 2019-09-14 505.75 5813 Computer Science

Powered by Koha